| 000 | 004640000a22001690004500 | ||
|---|---|---|---|
| 041 | 0 | _aENG | |
| 082 | 0 | 4 | _aG 270.6 D1847p |
| 100 | 1 | _aDaniel-Rops, Henri (1901-1965) | |
| 245 | 1 | 0 | _aThe protestant reformation / Henri Daniel-Rops ; Audrey Butler, Traductor |
| 260 | _aNew York, USA : Image | ||
| 300 | _a393 Pag | ||
| 001 | 8531 | ||
| 942 | _cBK | ||
| 999 |
_c38670 _d38670 |
||
| 336 |
_atexto _btxt _2rdacontent |
||
| 337 |
_2rdamedia _asin mediación _bn |
||
| 338 |
_2rdacarrier _avolumen _bnc |
||